000
00253nam a2200109Ia 4500
008
240109s9999 xx 000 0 und d
041
_a
eng
100
_a
Koontz O Donnel Weihrich.
245
_a
Management.
260
_b
M.G.H.
650
_a
Management
999
_c
1020210
_d
1020210